US States by First Two Letters with an Empty Map - Statistics

General Stats
  • This quiz has been taken 13,573 times
  • The average score is 31 of 50
Answers on the Map
Answers color-coded by a green-red scale on the quiz's map according to % correct below.
 
Answer Stats
State % Correct
Nebraska
90%
Nevada
90%
New Hampshire
90%
New Jersey
90%
New Mexico
90%
New York
90%
California
86%
Alabama
77%
Alaska
77%
Arizona
76%
Arkansas
76%
Michigan
76%
Minnesota
76%
Mississippi
76%
Missouri
76%
North Carolina
76%
North Dakota
76%
Washington
76%
South Carolina
74%
South Dakota
74%
Tennessee
74%
Texas
74%
Colorado
67%
Connecticut
67%
Oregon
67%
Montana
66%
Maine
64%
Maryland
64%
Massachusetts
64%
Florida
63%
Idaho
62%
Utah
54%
Wyoming
51%
Georgia
50%
Hawaii
50%
Illinois
49%
Kansas
49%
Iowa
48%
Oklahoma
46%
Indiana
45%
Ohio
45%
Louisiana
41%
Wisconsin
39%
Kentucky
38%
Pennsylvania
37%
Virginia
37%
West Virginia
37%
Vermont
30%
Delaware
28%
Rhode Island
22%
No matching quizzes found
Score Distribution
Percent of People with Each Score
Percentile by Number Answered
Your Score History
You have not taken this quiz